MDQL
is popping MORE tags! Check the
thread
!
Quizzes
Events
Quiz Creation
Community
Videos
Private Events
Remove Ads
Sign In
Join for FREE
Feedback
Dark Mode
Quiz Categories
Sports
Geography
Music
Movies
Television
Just For Fun
Miscellaneous
History
Literature
Language
Science
Gaming
Entertainment
Religion
Holiday
For Kids
Quiz Lab
Recent
Popular Today
Quiz Kudos Today
Editor Picks
Curator Picks
Quizzes by...
Day
Popularity
Type
Ratings
Length
Year
Community
Subscriptions
Recent Discussions
Orange Saloon
Badges
Playlists
Quests
Create
Leaderboards
Showdown
Live 5
Trivia Bingo
Activity
Puzzle Library
Sporcle Events
Private Events
Virtual Trivia
Globe League
Become a Host
Pub Owners
SporcleCon
Opinionation
Our Games
Videos
Blog
Mobile Apps
Partnerships
Remove Ads and Go Orange
Feedback
Music
Pop Music
The Beatles
Song
Album
Lyrics
Bands
Singers
Artist
Clip
Rock
Rap
Classical
Billboard
Country Music
Kpop
Taylor Swift
Music
Pop Music
The Beatles
Song
Album
Lyrics
Bands
Singers
Artist
Clip
Rock
Rap
Classical
Billboard
Country Music
Kpop
Taylor Swift
Random Quiz
Search Sporcle
×
Quiz Lab
Quiz Lab
Music
Lyrics
Type in answers that appear in a list
Type in answers that appear in a list
Classic
Best Score? Go Orange.
The Immigrant Song Lyrics Stats
Can you name the Lyrics to Led Zeppelin's 'The Immigrant Song' ?
By
hailstorm1230
5m
136 Questions
429 Plays
429 Plays
429 Plays
Comments
Comments
Give Quiz Kudos
Give Quiz Kudos
-
- Ratings
hide this ad
Forced Order
Answers have to be entered in order
Answers have to be entered in order
Replay
Link that replays current quiz
Next Quiz
Link to next quiz in quiz playlist
You Got
0%
They Got
Avg Score
28%
Avg Friend Score
Upgrade to see
Score Distribution
Jump to the score distribution portion of the page
Score
0/136
Timer
05:00
0
Plays Today
% Correct
the
96.5%
come
96%
land
96%
from
95.6%
of
94.6%
the
92.1%
ice
91.8%
and
91.6%
snow
91.1%
We
90.9%
the
70.6%
midnight
66.9%
the
64.8%
sun
62.9%
hot
62.5%
springs
61.1%
from
51.3%
where
51.3%
the
50.1%
of
49.9%
blow.
49.7%
Gods
49%
Hammer
48%
to
45.9%
new
45.7%
our
45.5%
ships
45.5%
lands
43.8%
drive
43.1%
will
37.1%
the
36.4%
The
35%
fight
34.7%
coming.
32.9%
Valhalla
32.4%
am
32.2%
and
31.7%
cry.
31.5%
sing
30.5%
horde
28.4%
we
26.6%
to
25.6%
On
24.7%
with
24.7%
the
24.7%
Western
24.5%
% Correct
shore.
24.5%
only
24.2%
our
24%
goal
24%
sweep
23.8%
come
23.8%
from
23.8%
oar,
23.5%
We
23.5%
the
23.5%
land
23.5%
of
23.5%
the
23.5%
ice
23.3%
and
23.1%
snow
23.1%
I
22.6%
will
22.6%
be
22.6%
the
22.1%
midnight
21.9%
sun
21.7%
the
21.7%
hot
21.7%
springs
21.4%
and
21%
threshing
20.7%
where
20%
from
18.9%
green
16.1%
of
16.1%
whisper
15.6%
tales
15.6%
fields
15.4%
so
15.2%
we
15.2%
How
14.9%
soft
14.9%
your
14.5%
of
14.5%
how
14.5%
gore,
13.8%
of
13.8%
war.
13.8%
We
13.8%
are
13.8%
% Correct
tides
13.5%
overlords.
13.5%
we
13.5%
can
13.3%
the
13.3%
your
13.3%
calmed
13.1%
with
13.1%
On
12.8%
sweep
12.8%
oar,
12.6%
our
12.6%
only
12.6%
flow.
12.4%
goal
12.4%
threshing
12.1%
the
12.1%
Western
12.1%
shore.
12.1%
So
11.7%
now
11.7%
you
11.7%
be
11.2%
better
11.2%
stop,
11.2%
and
11.2%
all
11.2%
will
11%
rebuild
11%
your
11%
and
11%
ruins,
10.7%
peace
10.7%
win
10.7%
can
10.5%
the
10.5%
day
10.5%
despite
10.5%
your
10.3%
trust
10%
all
10%
of
9.8%
losing.
9.6%
for
9.3%
Quiz Playlist
Details
Report
Send in Message
Add To Playlist
Classic:
Type in answers that appear in a list
Forced Order:
Answers have to be entered in order
Last Updated: Feb 16, 2017
Quiz Scoreboard
CHALLENGE
Sign Up to Join the Scoreboard
Show All
Scores
Hide
Comments
May contain spoilers
Recently Published
Image Sorting: Flags VI
by Barbecue
Geography
2m
Find the 'City' Movie
by crazypaving
Movies
60s
Colored Red Africa Blitz
by spor1
Geography
45s
More to Explore
Quiz From the Vault
Featured Blog Post
14 Easter Pick-up Lines to Find Eggs With
hide this ad
You Might Also Like...
Tags
Lyrics Quiz
Song Quiz
immigrant
Led Zeppelin
Zeppelin
Today's Top Quizzes in Music
Browse Music
hide this ad
Today's Top Quizzes in Lyrics
Browse Lyrics
Top Contributed Quizzes in Music
1
5X2 Blitz: Bands II
2
5X2 Blitz: The Beatles
3
Taylor Swift All Songs (2024)
4
5X2 Blitz: Billboard
5
5X2 Blitz: Billboard II
6
5X2 Blitz: Album
7
Taylor Swift Logic Puzzle II
8
5X2 Blitz: Singers
9
5X2 Blitz: Rock
10
5X2 Blitz: Lyrics
Explore More
Trending Topics
Crossword
NBA
Marvel
Disney
Anime
Kpop
Harry Potter
WWE
Country
Pokémon
Puzzle
Soccer
Song
NFL
The Office
hide this ad
More By:
hailstorm1230
Quiz
Plays
Rating
Category
Featured
Created
Steely Dan Albums
764
4.20
Music
Oct 9, 2009
The Immigrant Song Lyrics
429
1.86
Music
Nov 28, 2009
Led Zeppelin Opening Lyrics
400
4.60
Music
Oct 11, 2009
Stevie Wonder Albums
339
1.60
Music
Oct 9, 2009
Wilco Albums
41
3.00
Music
Dec 11, 2009
Go to Creator's Profile
Score Distribution
Quiz Creator Spotlight
hailstorm1230
Follow
Send a Message
Quizzes Created
-
Created Quiz Play Count
-
More By This Creator
Popular Quizzes Today
1
Colored Red Africa Blitz
2
Find the US States - No Outlines Minefield
3
Find the 'City' Movie
4
5x2 Blitz: Bands
5
The Countries of the World
6
Find the US States
7
Find the Countries of Europe - No Outlines Minefield
8
US States
More Music Quizzes
Taylor Swift Album Mashup!
Curator's Pick
Trending Quizzes
Colored Red Europe Blitz I
Colored Red Europe Blitz II
Colored Red Africa Blitz II
Colored Red Europe Blitz III
Colored Red Africa Blitz III
Recently Updated
How Do You Spell That?
pecheneg
Godzilla Movies
pecheneg
Grab Bag: 4-10 Letters
pecheneg
2024 March Madness Bracket
pecheneg
Famous TV Couples
Peacemaker
Champions League XIs: Real Madrid
pecheneg
Largest US Cities 1790-2010
pecheneg
Rides in Walt Disney World
pecheneg
Most Oscar Losses (Acting)
pecheneg
Beyoncé Albums
pecheneg
Trending Topics
Anime
Marvel
Harry Potter
NBA
Kpop
Crossword
Disney
NFL
WWE
Pokémon
Country
Soccer
Puzzle
Song
The Office
Your Account Isn't Verified!
In order to create a playlist on Sporcle, you need to verify the email address you used during registration. Go to your
Sporcle Settings
to finish the process.
Report this User
Report this user for behavior that violates our
Community Guidelines
.
Details:
Send Report
Go to the Sporcle.com Mobile Site →
Comments